000 00398nam a22001577a 4500
003 OSt
005 20250811153024.0
007 362 pages
008 250811b |||||||| |||| 00| 0 eng d
020 _a9788120345270
040 _c
082 _a658.562
_bKRI
245 _aApplied design of experiments and Taguchi Method
_ckrishnaiah,K
260 _bPHi
_c2024
942 _2ddc
_cBK
_k658.562
_mKRI
_n0
999 _c36238
_d36238